000 00628nam a2200229Ia 4500
003 GCL
008 140319s9999 xx 000 0 ara d
040 _aGCL /
_cGCL
082 0 4 _a131.32
_bم م
100 1 _aماكبريد, و0ج
245 1 0 _aمركب النقص والعقد النفسية /
_cماكبريد, و0ج
700 1 _aبندر، جيمس
700 1 _aتيار، س. هـ.
300 _a233 ص
490 _aكتابى
_v0
650 0 4 _aالزواج
650 0 4 _aالشخصية
650 0 4 _aالحب
650 0 4 _aالحياة
650 0 4 _aالعلاقات الاجتماعية
942 _2ddc
_cBK
999 _c46283
_d46283